Návrh a realizácia prezentačnej www stránky : Bakalárska práca

Gespeichert in:
Bibliographische Detailangaben
1. Verfasser: Nyiregyházki, Tomáš (Verfasst von)
Weitere Verfasser: Michaľčonok, German, 1946- (xxx)
Format: Manuskript Buch
Sprache:Slowakisch
Veröffentlicht: Trnava : STU v Bratislave MtF KAIA, 2003
Schlagworte:
Tags: Tag hinzufügen
Keine Tags, Fügen Sie das erste Tag hinzu!

MARC

LEADER 00000ntm a22000003a 4500
001 stu84343
005 20160719154805.4
008 040226s2003----xo------------------slo-d
040 |a STU  |b slo 
041 0 |a slo 
044 |a xo 
100 1 |a Nyiregyházki, Tomáš  |4 aut 
245 1 |a Návrh a realizácia prezentačnej www stránky :  |b Bakalárska práca 
260 |a Trnava :  |b STU v Bratislave MtF KAIA,  |c 2003 
300 |a 41 s  |c príl 
650 7 |a aplikovaná informatika a automatizácia v priemysle  |2 stusub 
700 1 |a Michaľčonok, German,  |d 1946-  |4 xxx  |u M6000  |U MTF Materiálovotechnologická fakulta  |T MTF Ústav aplikovanej informatiky, automatizácie a matematiky  |X 245  |U M6000  |Y 86  |7 A000000245 
996 |b 284M055109  |c M*BP-509  |l MMSKP  |s P  |a 0  |w stu84343_0001